书目信息 |
| 题名: |
数码摄影工坊
|
|
| 作者: | 埃迪斯 ;侯晓敏 , 张波 译 | |
| 分册: | ||
| 出版信息: | 北京 人民邮电出版社 2009.06 |
|
| 页数: | 256页 | |
| 开本: | 22cm | |
| 丛书名: | 数码摄影工坊 | |
| 单 册: | ||
| 中图分类: | TB86 , J41 | |
| 科图分类: | ||
| 主题词: | 数字照相机--shu zi zhao xiang ji--摄影技术 | |
| 电子资源: | ||
| ISBN: | 978-7-115-20543-8 | |
| 000 | 01220nam 2200313 450 | |
| 001 | 052009 | |
| 005 | 20100531102634.23 | |
| 010 | @a978-7-115-20543-8@dCNY59.00 | |
| 100 | @a20100515d2009 ekmy0chiy0121 ea | |
| 101 | 1 | @achi@ceng |
| 102 | @aCN@b110000 | |
| 105 | @aac z 000yy | |
| 200 | 1 | @a数码摄影工坊@Ashu ma she ying gong fang@e佳作解析@d= Photos that inspire photo workshop@f(美) Lynne Eodice著@F(mei)Lynne Eodice zhu@g侯晓敏, 张波译@Ghou xiao min,zhang bo yi@zeng |
| 210 | @a北京@c人民邮电出版社@d2009.06 | |
| 215 | @a256页@c图@d22cm | |
| 225 | 2 | @a数码摄影工坊@Ashu ma she ying gong fang |
| 306 | @a本书中文简体字版由Wiley Publishing公司授权人民邮电出版社出版 | |
| 314 | @a责任者Eodice规范汉译姓: 埃迪斯 | |
| 330 | @a本书分为10章, 对风光、动物、人物、运动、夜间、建筑、植物、微距、静物和人体等各个方面的200余幅作品进行了讲评。 | |
| 410 | @12001 @a数码摄影工坊 | |
| 500 | 10 | @aPhotos that inspire photo workshop@mChinese |
| 606 | 0 | @a数字照相机@Ashu zi zhao xiang ji@x摄影技术 |
| 690 | @aTB86@v4 | |
| 690 | @aJ41@v4 | |
| 701 | 1 | @a埃迪斯@Aai di si@g(Eodice, Lynne) |
| 702 | 0 | @a侯晓敏@Ahou xiao min@4译 |
| 702 | 0 | @a张波@Azhang bo@4译 |
| 801 | 0 | @aCN@c20100515 |
| 905 | @dTB86@eA260@f3 | |
| 数码摄影工坊:佳作解析= Photos that inspire photo workshop/(美) Lynne Eodice著/侯晓敏, 张波译.-北京:人民邮电出版社,2009.06 |
| 256页:图;22cm.-(数码摄影工坊) |
| ISBN 978-7-115-20543-8:CNY59.00 |
| 本书分为10章, 对风光、动物、人物、运动、夜间、建筑、植物、微距、静物和人体等各个方面的200余幅作品进行了讲评。 |
| ● |
| 相关链接 |
|
|
|
正题名:数码摄影工坊
索取号:TB86/A260
 
预约/预借
| 序号 | 登录号 | 条形码 | 馆藏地/架位号 | 状态 | 备注 |
| 1 | 984626 | 209846265 | 自科库501/501自科库 19排3列5层/ [索取号:TB86/A260] | 在馆 | |
| 2 | 984627 | 209846274 | 自科库501/501自科库 19排3列5层/ [索取号:TB86/A260] | 在馆 | |
| 3 | 984628 | 209846283 | 自科库501/501自科库 19排3列5层/ [索取号:TB86/A260] | 在馆 |